000 00515nam a2200193Ia 4500
008 101110s9999 xx 000 0 und d
041 _aENGLISH
082 _bSR13853
_a658
100 _aRamswamy, Namkumari
245 _aMarketing Management in Indian Environment
365 _b80
520 _aCommerce
546 _aENGLISH
630 _aMarketing Management in Indian Environment
650 _aCommerce
655 _aCommerce
730 _aMarketing Management in Indian Environment
942 _cBOOK
999 _c807989
_d807986